Artificial Societies (Record no. 91796)

MARC details
000 -LEADER
fixed length control field 01231nam a2200241Ii 4500
008 - FIXED-LENGTH DATA ELEMENTS--GENERAL INFORMATION
fixed length control field 221202s xx 000 0 und d
245 #0 - TITLE STATEMENT
Title Artificial Societies
264 ## - PRODUCTION, PUBLICATION, DISTRIBUTION, MANUFACTURE, AND COPYRIGHT NOTICE
Name of producer, publisher, distributor, manufacturer Taylor & Francis
Date of production, publication, distribution, manufacture, or copyright notice 1995
300 ## - PHYSICAL DESCRIPTION
Extent 1 online resource
336 ## - CONTENT TYPE
Content type term text
Content type code txt
Source rdacontent
337 ## - MEDIA TYPE
Media type term computer
Media type code c
Source rdamedia
338 ## - CARRIER TYPE
Carrier type term online resource
Carrier type code cr
Source rdacarrier
520 ## - SUMMARY, ETC.
Summary, etc. An exploration of the implications of developments in artificial intelligence for social scientific research, which builds on the theoretical and methodological insights provided by Simulating societies.; This book is intended for worldwide library market for social science subjects such as sociology, political science, geography, archaeology/anthropology, and significant appeal within computer science, particularly artificial intelligence. Also personal reference for researchers.
653 ## - INDEX TERM--UNCONTROLLED
Uncontrolled term Algorithm
653 ## - INDEX TERM--UNCONTROLLED
Uncontrolled term Distributed
653 ## - INDEX TERM--UNCONTROLLED
Uncontrolled term Genetic
653 ## - INDEX TERM--UNCONTROLLED
Uncontrolled term Simulated
653 ## - INDEX TERM--UNCONTROLLED
Uncontrolled term Society
700 1# - ADDED ENTRY--PERSONAL NAME
Personal name Conte, Rosaria
700 1# - ADDED ENTRY--PERSONAL NAME
Personal name Gilbert, Nigel
856 ## - ELECTRONIC LOCATION AND ACCESS
Uniform Resource Identifier <a href="https://docs.google.com/spreadsheets/d/1yKIrdCPDAG_9c22mwoOIO2DOhtj65Wqa/edit?usp=sharing&ouid=106555315294820607512&rtpof=true&sd=true ">https://docs.google.com/spreadsheets/d/1yKIrdCPDAG_9c22mwoOIO2DOhtj65Wqa/edit?usp=sharing&ouid=106555315294820607512&rtpof=true&sd=true </a>
Link text List of Curated E-Books
942 ## - ADDED ENTRY ELEMENTS (KOHA)
Koha item type E-Book

No items available.

University of Rizal System
Email us at univlibservices@urs.edu.ph

Visit our Website www.urs.edu.ph/library